Estatísticas para Países do Meridiano de Greenwich

Clique aqui para jogar o quiz

Estatísticas Gerais

  • Esse quiz foi jogado 1 389 vezes
  • A pontuação média é 15 de 20

Estatísticas das Respostas

DistânciaPaís% Correto
Reino Unido
96%
Espanha
92%
França
92%
Argélia
86%
1.17°Marrocos
85%
Mali
80%
0.12°Níger
79%
2.75°Nigéria
76%
Gana
75%
4.75°Mauritânia
73%
Togo
73%
2.58°Costa do Marfim
70%
0.83°Benim
67%
Burkina Faso
67%
2.58°Bélgica
65%
3.25°Países Baixos
63%
1.40°Andorra
62%
5.73°Luxemburgo
53%
4.50°Noruega
53%
5.62°Guiné Equatorial
46%

Distribuição das Pontuações

Percentil de Números Respondidos

Porcentagem de Pessoas com Cada Pontuação

Sua Pontuação Histórica

Você não jogou esse quiz